| 000 | 00991cad a22002055a 4500 | ||
|---|---|---|---|
| 001 | L146498 | ||
| 008 | 090127s2008 xxkd f s 000 0 eng d | ||
| 035 | _a(Sirsi) u146498 | ||
| 041 | 0 | _aeng | |
| 050 | 0 | 4 | _a332.33 $2 18 |
| 110 | 2 |
_aJones Lang LaSalle _93755 |
|
| 245 | 0 | 0 |
_aTransparency comes of age _breal estate transparency in India _h[electronic resource] |
| 260 |
_aLondon _bJLL _c2008 |
||
| 520 | _aPresents the results of Jones Lang LaSalle's 2008 Global Real Estate Transparency Index which highlights India's steady improvement between 2004 and 2008. Considers real estate transparency across India's Tier I, II and III cities, and reviews the likely changes that are likely to lead to greater transparency in India over the next few years. | ||
| 590 | _aKA | ||
| 651 | 4 | _aIndia | |
| 690 | _aPROPERTY-COMMERCIAL PROPERTY-COMMERCIAL PROPERTY MARKET | ||
| 856 | 4 | 0 |
_uhttps://www.joneslanglasalle.com _zView the report free of charge at www.joneslanglasalle.com... |
| 942 | _n0 | ||
| 999 |
_c109199 _d109199 |
||